Constitución de Cádiz / (Record no. 102028)
[ view plain ]
| 000 -LEADER | |
|---|---|
| fixed length control field | 00722nam a22002057a 4500 |
| 005 - DATE AND TIME OF LATEST TRANSACTION | |
| control field | 20200214113455.0 |
| 008 - FIXED-LENGTH DATA ELEMENTS--GENERAL INFORMATION | |
| fixed length control field | 151001b mx ||||| |||| 00| 0 spa d |
| 020 ## - INTERNATIONAL STANDARD BOOK NUMBER | |
| International Standard Book Number | 9786078201693 |
| 050 04 - LIBRARY OF CONGRESS CALL NUMBER | |
| Classification number | KKT2064.51812 |
| Item number | C66 2014 |
| 240 00 - UNIFORM TITLE | |
| Uniform title | Leyes y códigos |
| 245 10 - TITLE STATEMENT | |
| Title | Constitución de Cádiz / |
| Remainder of title | Secretaría de Cultura de Michoacán |
| 250 ## - EDITION STATEMENT | |
| Edition statement | 1a ed. |
| 260 ## - PUBLICATION, DISTRIBUTION, ETC. (IMPRINT) | |
| Place of publication, distribution, etc | Morelia, Michoacán, México : |
| Name of publisher, distributor, etc | Gobierno del Estado de Michoacán : Secretaría de Cultura, |
| Date of publication, distribution, etc | 2014 |
| 300 ## - PHYSICAL DESCRIPTION | |
| Extent | 319 p. : |
| Other physical details | il. ; |
| Dimensions | 31 cm. |
| 504 ## - BIBLIOGRAPHY, ETC. NOTE | |
| Bibliography, etc | Incluye bibliografía |
| 650 #7 - SUBJECT ADDED ENTRY--TOPICAL TERM | |
| Source of heading or term | Lemb |
| Topical term or geographic name as entry element | Constituciones |
| Chronological subdivision | 1812 |
| Geographic subdivision | España |
| 651 #7 - SUBJECT ADDED ENTRY--GEOGRAPHIC NAME | |
| Source of heading or term | Lemb |
| Geographic subdivision | España |
| Geographic name | Historia constitucional |
| 710 2# - ADDED ENTRY--CORPORATE NAME | |
| Corporate name or jurisdiction name as entry element | Secretaría de Cultura de Michoacán |
| 942 ## - ADDED ENTRY ELEMENTS (KOHA) | |
| Source of classification or shelving scheme | Biblioteca del Cogreso de los Estados Unidos |
| Koha item type | Libro |
| Estado de pérdida | Fuente de clasificación | Estado del daño | No para préstamo | Ubicación permanente | Ubicación actual | Apartado o colección | Fecha de adquisición | Fuente de adquisición | Edición | Enumeración de Serie / Cronológica | Dependencia de educación superior (DES) | Área del conocimiento | Clasificación | Código de Barras | Date last seen | Número de copia | Tipo de recurso | Costo por reposición |
|---|---|---|---|---|---|---|---|---|---|---|---|---|---|---|---|---|---|---|
| Biblioteca del Cogreso de los Estados Unidos | Biblioteca de la Facultad de Derecho y Ciencias Sociales "Felipe J. Tena" | Biblioteca de la Facultad de Derecho y Ciencias Sociales "Felipe J. Tena" | Consulta | 01/10/2015 | Donación | 1a ed. | BFD000006938 | Derecho | Ciencias Sociales y Administrativas | KKT2064.51812 C66 2014 | BFD000006938 | 01/10/2015 | 1 | Libro | ||||
| Biblioteca del Cogreso de los Estados Unidos | Biblioteca de la Facultad de Derecho y Ciencias Sociales "Felipe J. Tena" | Biblioteca de la Facultad de Derecho y Ciencias Sociales "Felipe J. Tena" | Consulta | 01/10/2015 | Donación | 1a ed. | BFD000006939 | Derecho | Ciencias Sociales y Administrativas | KKT2064.51812 C66 2014 | BFD000006939 | 01/10/2015 | 2 | Libro | ||||
| Biblioteca del Cogreso de los Estados Unidos | Biblioteca del Instituto de Investigaciones Históricas | Biblioteca del Instituto de Investigaciones Históricas | General | 14/02/2020 | Ciencias Sociales y Administrativas | KKT2064.5.1812 C66 2014 | IIH000029739 | 14/02/2020 | C:1 | Libro | 1.00 |